Southville International School and Colleges
Your cart is empty.
  • Cart
  • Lists
    Public lists Eva Luna New books Lux_list list_1
    Your lists Log in to create your own lists
  • Log in to your account
  • Your cookies
  • Search history
Southville International School and Colleges
  • Advanced search
  • Recent comments
  • Most popular
  • Libraries

Log in to your account

Log in with GOOGLE


If you do not have an external account, but do have a local account, you can still log in:

  1. Home
  2. MARC view: Truth lessons /
Normal view MARC view ISBD view

Truth lessons / (Record no. 8650)

[ view plain ]
MARC details
000 -LEADER
fixed length control field 00849nam a2200289 a 4500
001 - CONTROL NUMBER
control field 1445121
003 - CONTROL NUMBER IDENTIFIER
control field OSt
005 - DATE AND TIME OF LATEST TRANSACTION
control field 20140310182034.0
008 - FIXED-LENGTH DATA ELEMENTS--GENERAL INFORMATION
fixed length control field 851227m19851987cau 000 0 eng
010 ## - LIBRARY OF CONGRESS CONTROL NUMBER
LC control number 85082564
020 ## - INTERNATIONAL STANDARD BOOK NUMBER
International Standard Book Number 087083214X (set)
020 ## - INTERNATIONAL STANDARD BOOK NUMBER
International Standard Book Number 0870832131 (pbk. : set)
040 ## - CATALOGING SOURCE
Original cataloging agency DLC
Transcribing agency DLC
Modifying agency DLC
050 00 - LIBRARY OF CONGRESS CALL NUMBER
Classification number BS 605.2
Item number .L477 1985 vol.1
082 00 - DEWEY DECIMAL CLASSIFICATION NUMBER
Classification number HS 242
Item number Tr 76 1985
100 1# - MAIN ENTRY--PERSONAL NAME
Personal name Lee, Witness.
9 (RLIN) 10557
245 10 - TITLE STATEMENT
Title Truth lessons /
Statement of responsibility, etc Witness Lee.
250 ## - EDITION STATEMENT
Edition statement 1st ed.
260 ## - PUBLICATION, DISTRIBUTION, ETC. (IMPRINT)
Place of publication, distribution, etc Anaheim, Calif. :
Name of publisher, distributor, etc Living Stream Ministry,
Date of publication, distribution, etc c1985.
300 ## - PHYSICAL DESCRIPTION
Extent 158 p :
Dimensions 22 cm.
630 00 - SUBJECT ADDED ENTRY--UNIFORM TITLE
Uniform title Bible
General subdivision Textbooks.
9 (RLIN) 10558
650 #0 - SUBJECT ADDED ENTRY--TOPICAL TERM
Topical term or geographic name as entry element Theology, Doctrinal
General subdivision Study and teaching.
9 (RLIN) 10559
906 ## - LOCAL DATA ELEMENT F, LDF (RLIN)
a 7
b cbc
c orignew
d 3
e opcn
f 19
g y-gencatlg
942 ## - ADDED ENTRY ELEMENTS (KOHA)
Source of classification or shelving scheme Library of Congress Classification
Koha item type
Holdings
Withdrawn status Lost status Source of classification or shelving scheme Damaged status Home library Current library Shelving location Date acquired Total Checkouts Full call number Barcode Date last seen Copy number Price effective from Koha item type
    Library of Congress Classification   Luxembourg Library Luxembourg Library High School Section 08/15/2013   BS 605.2 .L477 1985 vol.1 5064 08/15/2013 1 08/15/2013 Books

Truth lessons /

APA

Lee W., . (1985). Truth lessons. Anaheim, Calif: Living Stream Ministry.

Chicago

Lee Witness, . 1985. Truth lessons. Anaheim, Calif: Living Stream Ministry.

Harvard

Lee W., . (1985). Truth lessons. Anaheim, Calif: Living Stream Ministry.

MLA

Lee Witness, . Truth lessons. Anaheim, Calif: Living Stream Ministry. 1985.

  • Place hold
  • Print
  • Cite
  • Add to your cart (remove)
  • Save record
    BIBTEX Dublin Core MARCXML MARC (non-Unicode/MARC-8) MARC (Unicode/UTF-8) MARC (Unicode/UTF-8, Standard) MODS (XML) RIS
  • More searches
    Search for this title in:
    Other Libraries (WorldCat) Other Databases (Google Scholar) Online Stores (Bookfinder.com) Open Library (openlibrary.org)

Exporting to Dublin Core...

SOUTHVILLE LIBRARY

Southville International School and Colleges Library

1281 Tropical Ave. Cor. Luxembourg St., BF Homes International, Las Pinas City

Tel. No. 8256374 / 252358 Loc. 117/146

Powered by Koha